000
00318nam a2200145Ia 4500
005
20260513122052.0
020
_a
9780134757599
100
_a
Fowler
365
_c
365
_b
25.00
942
_c
BK
245
_a
Refactoring: Improving the Design of Existing Code 2/e
260
_b
Pearson
999
_c
80
_d
80